Regions of Brazil - Statistics

General Stats
  • This quiz has been taken 23 times
  • The average score is 5 of 19
Answer Stats
Hint Answer % Correct
City Rio de Janeiro
74%
City Brasília
65%
Region Amazonas
52%
Region Acre
35%
Region Bahia
35%
Region Parana
30%
Region Alagoas
22%
Region Ceará
22%
Region Minas Gerais
22%
Region Espirito Santo
17%
Region Goias
17%
Region Amapa
13%
Region Maranhao
13%
Region Pernambuco
13%
Region Piaui
13%
City Belém
9%
Region Paraiba
9%
City Cuiabá
4%
City Natla
0%
No matching quizzes found
Score Distribution
Percent of People with Each Score
Percentile by Number Answered
Your Score History
You have not taken this quiz